|
|
|
|
| LEADER |
00000nam a2200000 a 4500 |
| 001 |
vtls008383324 |
| 003 |
SK-MaSNL |
| 005 |
20260301165028.0 |
| 008 |
251124s1920 xo ger |
| 015 |
|
|
|a SKSNBA19191938-003302
|
| 035 |
|
|
|a SK01SNKBIKKM20010075541
|
| 035 |
|
|
|a SKM000078004
|
| 040 |
|
|
|a SNK
|b slo
|c SNK
|e AACR2
|
| 041 |
0 |
|
|a ger
|
| 044 |
|
|
|a xo
|c SK
|
| 080 |
|
|
|a 296
|2 1981
|
| 080 |
|
|
|a 252
|2 1981
|
| 080 |
|
|
|a 929 Rosenberg, R. Samuel
|2 1981
|
| 100 |
1 |
|
|a Löwy, Gustav
|4 aut
|9 533236
|
| 245 |
1 |
0 |
|a Worte zum Andenken des am 11. Siwan 5679 verschiedenen Hunsdorfer Raw R. Samuel Rosenberg
|b gesprochen am Vorabende des Versöhnungstages 5680 in der Synagoge der israelitischen Kultusgemeinde zu Leutschau (Levoča, Löcse)
|c von Gustav Löwy
|
| 260 |
|
|
|a Leutschau
|b Verein Mekor Chajim
|c [1920]
|e Bratislava
|e Galanta
|f Kosmos
|
| 300 |
|
|
|a 22, [2] s.
|c 8°
|
| 500 |
|
|
|a Pozn. a lit. pod čiarou
|
| 600 |
1 |
|
|a Rosenberg, Samuel [rabín]
|2 SNKMA
|9 533237
|
| 650 |
0 |
7 |
|a Židia
|2 SNKPH
|9 3760
|
| 655 |
|
7 |
|a jubilejné publikácie
|2 SNKPH
|9 70339
|
| 655 |
|
7 |
|a kázne
|2 SNKPH
|9 70516
|
| 852 |
|
|
|a Slovenská národná knižnica v Martine
|b 10000
|h MS SD 18332
|
| 852 |
|
|
|a Univerzitná knižnica v Bratislave
|b 300000
|h SD 34219
|
| 852 |
|
|
|a Univerzitná knižnica v Bratislave
|b 300000
|h Jud E 263
|
| 958 |
|
|
|a ONDV
|
| 958 |
|
|
|a RK
|
| 958 |
|
|
|a TL
|
| 999 |
|
|
|c 822715
|d 824645
|
| 952 |
|
|
|a SNK
|b SNK
|y PREZ
|7 0
|p 17A0636262
|o snkSD 18332
|i snkK 924/60
|8 3
|0 0
|1 0
|4 0
|d 2009-11-25
|l 0
|r 2025-12-02 00:00:00
|w 2026-02-24
|